NIEKOĽKO POZNÁMOK KU GENÉZE GEMERIDNÝCH GRANITOV

Bibliographic Details
Main Author: Gubač, Jozef, 1928- (Author)
Other Authors: Návara, F. (Translator)
Format: Article
Language:Slovak

MARC

LEADER 00000nab a2200000ua 4500
001 vtls010844512
003 SK-MaSNL
005 20260303135851.0
008 230218s1962 xo |||||||||||||||||slo|
035 |a (urnnbn)urn:nbn:sk:snk:ar-a0732y 
035 |a urn:nbn:sk:snk-ab66cn 
035 |a (uuid)4513f124-c2d4-43c1-852c-701d83181926 
040 |a SNKBUCL  |b slo  |c SNKBUCL  |e AACR2 
041 0 |a slo 
044 |a xo  |c SK 
100 1 |a Gubač, Jozef,  |d 1928-  |4 aut  |9 38792 
245 1 0 |a NIEKOĽKO POZNÁMOK KU GENÉZE GEMERIDNÝCH GRANITOV  |c Jozef Gubač, F. Návara 
700 1 |a Návara, F.  |4 trl  |9 552994 
773 0 |t Geologické práce : správy  |g Roč. 25-26, č. 25-26 (1962), s. 79-104 
954 |a odborná, vedecká literatúra pôvodná (slovenská)  |2 lita 
958 |a OND 
958 |a EUIPO 
958 |a article5 
999 |c 1968488  |d 1970418